Západoevropská hospodářská stabilizace
Úspechy a neúspechy makroekonomickej stabilizačnej politiky krajín západnej Európy - poučenie pre postsocialistické krajiny. Vývoj talianskej ekonomiky. Priority francúzskej stabilizačnej politiky - boj s infláciou, reálne mzdy, situácia na trhu práce. Stabilizačná politika Írska a Švédska.
Gespeichert in:
| 1. Verfasser: | |
|---|---|
| Format: | Buchkapitel |
| Sprache: | Tschechisch |
| Schlagworte: | |
| Tags: |
Keine Tags, Fügen Sie das erste Tag hinzu!
|
MARC
| LEADER | 00000naa a2200000 4500 | ||
|---|---|---|---|
| 001 | r015905 | ||
| 005 | 20221213082144.1 | ||
| 041 | 0 | |a cze | |
| 044 | |a CZ | ||
| 245 | 1 | 0 | |a Západoevropská hospodářská stabilizace |c Vratislav Izák |
| 520 | |a Úspechy a neúspechy makroekonomickej stabilizačnej politiky krajín západnej Európy - poučenie pre postsocialistické krajiny. Vývoj talianskej ekonomiky. Priority francúzskej stabilizačnej politiky - boj s infláciou, reálne mzdy, situácia na trhu práce. Stabilizačná politika Írska a Švédska. | ||
| 610 | 2 | 0 | |a politika hospodárska |
| 610 | 2 | 0 | |a stabilizácia hospodárstva |
| 610 | 2 | 0 | |a inflácia |
| 610 | 2 | 0 | |a trh práce |
| 610 | 2 | 0 | |a mzdy |
| 610 | 2 | 0 | |a západná Európa |
| 100 | 1 | |a Izák, Vratislav | |